Bejamen que en festejo del nacimto. de Nro. Redemptor Jesuchristo se dio en 24 de diciembre de 1746

Detalles Bibliográficos
Autor principal: Villaseñor y Sánchez, José Antonio, 1703-1759
Formato: Libro
Lenguaje:Spanish
Publicado: s.l., ca. 1746.
Materias:
Colección:Banco de datos
Acervo:Seminario Conciliar de Nuestra Señora de Guadalupe Querétaro. Qro.. Biblioteca Florencio Rosas. Fondo Reservado
Descripción Física:[19] h. ; 31.5 cm. x 22 cm.
Tema general:Poesía
Notas:Libro manuscrito. Texto a renglón seguido. Letra humanística. Abreviaturas condensadas y en contracción. 31 renglones por página
LEADER 00900nam a22001930004500
035 |a 77 
041 0 |a spa 
100 1 |a Villaseñor y Sánchez, José Antonio, 1703-1759 
245 1 0 |a Bejamen que en festejo del nacimto. de Nro. Redemptor Jesuchristo se dio en 24 de diciembre de 1746 
260 |a s.l., ca. 1746.  
300 |a [19] h. ; 31.5 cm. x 22 cm.  
500 |a Libro manuscrito. Texto a renglón seguido. Letra humanística. Abreviaturas condensadas y en contracción. 31 renglones por página 
501 |a 9 obras 
504 |a Este documento manuscrito no tiene portada sino una rúbrica o título de partida al comienzo del texto de donde se ha tomado el título 
650 1 0 |a Poesía 
949 |a Fondo Reservado: 15-B 
942 |c QUER-RES 
943 |g Seminario Conciliar de Nuestra Señora de Guadalupe Querétaro. Qro.. Biblioteca Florencio Rosas. Fondo Reservado 
999 |c 1107741  |d 1107741